000 01882cam a2200529 a 4500
001 21684
003 VRT
005 20260309091443.0
008 240226s2002 xo a br 000 m slo
015 _aSNBA2004/02-00931
020 _a8055104352
035 _aSNK000409833
035 _aurn:nbn:sk:snk-am3iwmo
035 _aD4149221-6D3D-4F6E-BC23-CEAA1329B70E
035 _aurn:nbn:sk:snk-am00g3au
039 9 _a202402261918
_bVLOAD
_c202202061447
_dAUTHORITY
_c202202061431
_dAUTHORITY
_c202201070907
_dVLOAD
040 _aSNK
_bslo
_cSNK
_eAACR2
041 1 _aslo
_hcze
044 _axo
_cSK
072 7 _a821.162.3
_xČeská literatúra
_2konspekt
072 7 _a821-93
_xLiteratúra pre deti a mládež (beletria)
_2konspekt
080 _a821.162.3-34
_22011
080 _a821.162.3-1
_22011
080 _a82-1-053.2
_22011
080 _a82-93-053.4/.5
_22011
100 1 _aProvazníková, Věra,
_d1947-
_4aut
240 1 0 _aPidihrátky na pohádky
_lSlovensky
245 1 0 _aRozprávočky - naše hračky
_cnapísala Věra Provazníková ; ilustrovala Olga Franzová ; z českého originálu preložila Viera Švenková
250 _a[1. vydanie]
260 _aBratislava
_bIkar
_c2002
300 _a37 strán
_bilustrácie (prevažne farebné)
_c25 cm
490 1 _aLienka
655 7 _ačeské rozprávky
_2SNKPH
655 7 _aliteratúra pre deti
_2SNKPH
655 7 _ačeská poézia
_2SNKPH
655 7 _apoézia pre deti
_2SNKPH
700 1 _aFranzová, Olga
_4ill
700 1 _aŠvenková, Viera,
_d1937-
_4trl
830 0 _aLienka
910 _asnk
942 _2ddc
_cKLDE
_n0
949 _6270001000210287
_asvkbbB 34961
_p648.892
949 _64710702785
_astrmkM
_bstrmk2008/2785
949 _62889367921
_asavukPV 5423
949 _617A0385339
_asnkSC 111811
_bsnkKSP 6769/2003
_s6100:20210419
949 _617A0385340
_asnkSC 111811 D1
_bsnkKSP 6770/2003
999 _c21684
_d21684